Manual de plantas para mezclas asfálticas

Bibliographic Details
Format: Section = Libro
Language:Undetermined
Spanish
Published: La Habana Científico-Técnico 1982
Subjects:
LEADER 00418nam a2200157Ia 4500
008 240829s9999 xx 000 0 und d
040 |a BIBLIOTECA-RUPAP 665.4 C962 
041 |a spa 
082 |a 665.4 C962 
245 1 0 |a Manual de plantas para mezclas asfálticas 
260 |a La Habana  |b Científico-Técnico  |c 1982 
300 |a 215 p. :il. 
650 7 |a ASFALTOS. I. Tít. 
942 |c BK  |2 ddc 
991 |a TEXTO 
999 |c 10234